[Event "Belgrade tt Cup"]
[Site "Belgrade"]
[Date "2015.04.24"]
[Round "4.1"]
[White "Ivkovic, Milic"]
[Black "Nedeljkovic, Dragan"]
[Result "1-0"]
[WhiteElo "1000"]
[BlackElo "2178"]
[PlyCount "79"]
[EventDate "2015.04.20"]
[EventType "team-swiss"]
[EventRounds "5"]
[EventCountry "SRB"]
[SourceTitle "CBM 166 Extra"]
[Source "ChessBase"]
[SourceDate "2015.06.18"]
[SourceVersion "1"]
[SourceVersionDate "2015.06.18"]
[SourceQuality "1"]
[WhiteTeam "Usce"]
[BlackTeam "PTT"]
[WhiteTeamCountry "SRB"]
[BlackTeamCountry "SRB"]

1. d4 Nf6 2. c4 c5 3. d5 b5 4. cxb5 a6 5. f3 d6 6. e4 g6 7. Nc3 Bg7 8. Be3 0-0 9. a4 Nbd7 10. Nh3 Ne5 11. Nf2 Qa5 12. Ra3 Bb7 13. Be2 axb5 14. axb5 Qb4 15. Rb3 Qa5 16. 0-0 c4 17. Ra3 Qb4 18. Qa1 Ned7 19. Qa2 Rfc8 20. Ra1 Ne8 21. Nfd1 Ne5 22. Rxa8 Rxa8 23. Qb1 Ra5 24. Rxa5 Qxa5 25. f4 Nd3 26. Bxd3 cxd3 27. Qxd3 Qb4 28. h3 Bc8 29. Kh2 f5 30. b6 Nf6 31. exf5 Bxf5 32. Qa6 Nd7 33. b7 Bd4 34. Bxd4 Qxd4 35. Qa8+ Kf7 36. b8Q Nxb8 37. Qxb8 Qxf4+ 38. Kg1 Qd4+ 39. Nf2 Qe3 40. Qb5 1-0

[Event "Belgrade tt Cup"]
[Site "Belgrade"]
[Date "2015.04.22"]
[Round "3.1"]
[White "Petrekanovic, Miroslav"]
[Black "Ivkovic, Milic"]
[Result "1-0"]
[WhiteElo "2157"]
[BlackElo "1000"]
[PlyCount "163"]
[EventDate "2015.04.20"]
[EventType "team-swiss"]
[EventRounds "5"]
[EventCountry "SRB"]
[SourceTitle "CBM 166 Extra"]
[Source "ChessBase"]
[SourceDate "2015.06.18"]
[SourceVersion "1"]
[SourceVersionDate "2015.06.18"]
[SourceQuality "1"]
[WhiteTeam "Banjica"]
[BlackTeam "Usce"]
[WhiteTeamCountry "SRB"]
[BlackTeamCountry "SRB"]

1. d4 d5 2. Nc3 Nf6 3. Bf4 g6 4. e3 c6 5. h4 h5 6. Bd3 Bf5 7. Bxf5 gxf5 8. Nge2 e6 9. Bg5 Nbd7 10. Nf4 Be7 11. Nce2 Ng4 12. Bxe7 Qxe7 13. c3 Nf8 14. Nd3 Ng6 15. g3 0-0-0 16. b4 Kb8 17. Qa4 Qe8 18. Qa5 Ne7 19. a4 b6 20. Qa6 Qd7 21. Kd2 Qb7 22. Qxb7+ Kxb7 23. f3 Nf6 24. Ne5 Rh7 25. b5 Nd7 26. Nd3 c5 27. a5 Ng6 28. Ra2 Rhh8 29. Rha1 Ra8 30. Ng1 f6 31. Ke2 e5 32. Nh3 Rhe8 33. Kf2 Rg8 34. dxe5 fxe5 35. Ng5 e4 36. fxe4 fxe4 37. Nf4 Nxf4 38. gxf4 Nf6 39. Ke2 Rge8 40. Nf7 Rf8 41. Nh6 d4 42. cxd4 cxd4 43. a6+ Kc7 44. Rc1+ Kd7 45. Ra4 d3+ 46. Kd2 Rac8 47. Rd4+ Ke6 48. Rdc4 Kd7 49. Nf7 Ng4 50. Rxc8 Rxc8 51. Rxc8 Kxc8 52. Nd6+ Kd7 53. Nxe4 Nh2 54. Kxd3 Nf3 55. Kc4 Nxh4 56. Nf6+ Ke6 57. Nxh5 Nf5 58. e4 Nd6+ 59. Kd3 Nxb5 60. Ng7+ Kf7 61. Nf5 Nc7 62. Nd6+ Ke6 63. Nc8 Nxa6 64. Nxa7 Nc5+ 65. Ke3 Nd7 66. Nc6 Kd6 67. Nd4 Kc5 68. Kd3 b5 69. Nb3+ Kb4 70. Nd4 Kc5 71. Nc2 b4 72. Nxb4 Kxb4 73. Kd4 Kb5 74. Kd5 Nf6+ 75. Ke5 Ng4+ 76. Kd6 Kb6 77. e5 Kb7 78. Kd7 Kb6 79. Kd6 Kb7 80. f5 Kc8 81. f6 Nh6 82. Ke6 1-0